|
|
|
|
| LEADER |
00000nam a2200000 i 4500 |
| 001 |
DIGEDUFV0004 |
| 003 |
NyNyDIG |
| 006 |
m o d |
| 008 |
210118s2019 sp ob 001 0 spa d |
| 007 |
cr ||||||||||| |
| 035 |
|
|
|a (OCoLC)1120207121
|
| 040 |
|
|
|a DGITA
|b eng
|e rda
|e pn
|c DGITA
|
| 020 |
|
|
|a 9788417641450
|q edición digital
|q pdf
|
| 020 |
|
|
|a 8417641459
|q edición digital
|q pdf
|
| 020 |
|
|
|a 9788418360169
|q edición digital
|q ePub
|
| 020 |
|
|
|a 841836016X
|q edición digital
|q ePub
|
| 020 |
|
|
|z 9788417641443
|q edición impresa
|
| 020 |
|
|
|z 8417641440
|q edición impresa
|
| 050 |
1 |
4 |
|a BJ1249 ebook
|
| 100 |
1 |
|
|a López Quintás, Alfonso,
|d 1928-
|e author.
|
| 245 |
1 |
3 |
|a La mirada profunda y el silencio de Dios :
|b una antropología dialógica /
|c Alfonso López Quintás.
|
| 250 |
|
|
|a Segunda edición.
|
| 264 |
|
1 |
|a Madrid :
|b Universidad Francisco de Vitoria, UFV Editorial,
|c 2019.
|
| 300 |
|
|
|a 1 online resource.
|
| 336 |
|
|
|a text
|b txt
|2 rdacontent
|
| 337 |
|
|
|a computer
|b c
|2 rdamedia
|
| 338 |
|
|
|a online resource
|b cr
|2 rdacarrier
|
| 347 |
|
|
|a text file
|2 rdaft
|
| 347 |
|
|
|b PDF
|
| 347 |
|
|
|b EPUB
|
| 490 |
1 |
|
|a Colección Digital
|
| 504 |
|
|
|a Includes bibliographical references and index.
|
| 588 |
0 |
|
|a Online resource; title from PDF title page (Digitalia, viewed January 20, 2021)
|
| 650 |
|
0 |
|a Christian ethics
|x Catholic authors.
|
| 650 |
|
0 |
|a Theological anthropology
|x Catholic Church.
|
| 650 |
|
0 |
|a Hidden God.
|
| 650 |
|
0 |
|a Christian life
|x Catholic authors.
|
| 655 |
|
0 |
|a Electronic books.
|
| 791 |
2 |
|
|a Digitalia (Firm),
|e distributor.
|
| 793 |
0 |
|
|g Digitalia eBook Collection:
|a Editorial Universidad Francisco de Vitoria
|
| 776 |
0 |
8 |
|i Print version:
|a López Quintás, Alfonso, 1928-
|t Mirada profunda y el silencio de Dios.
|b Segunda edición.
|d Madrid : Universidad Francisco de Vitoria, Editoria UVF, 2019
|z 9788417641443
|w (OCoLC)1111861412
|
| 787 |
0 |
8 |
|i Complemented by (work):
|a López Quintás, Alfonso, 1928-
|t Ética.
|d Madrid : Biblioteca de Autores Cristianos, 2014
|w (DLC) 2015437695
|w (OCoLC)898127491
|
| 830 |
|
0 |
|a Colección Digital (Editorial UFV) ;
|v No. 7.
|
| 856 |
4 |
0 |
|3 Digitalia Hispánica
|u https://www.digitaliapublishing.com/a/61839/
|
| 910 |
|
|
|a Premium collection: 2021
|